[Event "45th GER-ch Rapid 2019"]
[Site "Neumarkt in der Oberpfalz"]
[Date "2019.09.22"]
[Round "9.3"]
[White "Beesk, Kevin"]
[Black "Erlach, Olaf"]
[Result "1/2-1/2"]
[WhiteElo "1969"]
[BlackElo "2053"]
[Annotator "NA"]
[PlyCount "57"]
[EventDate "2019.09.21"]
[EventType "swiss"]
[EventCountry "GER"]
[SourceTitle "playchess.com"]
[Source "ChessBase"]
[SourceQuality "1"]
[TimeControl "900+10"]

1. Nc3 {[%emt 0:00:00]} d5 {[%emt 0:00:00]} 2. e4 {[%emt 0:00:00]} dxe4 {[%emt 0:00:03]} 3. Nxe4 {[%emt 0:00:00]} Nf6 {[%emt 0:01:15]} 4. Ng3 {[%emt 0:00:28]} e5 {[%emt 0:00:13]} 5. Bc4 {[%emt 0:00:12]} Bc5 {[%emt 0:03:13]} 6. Nf3 {[%emt 0:01:28]} Nc6 {[%emt 0:01:03]} 7. O-O {[%emt 0:00:51]} O-O {[%emt 0:00:10]} 8. d3 {[%emt 0:00:06]} h6 {[%emt 0:00:15]} 9. h3 {[%emt 0:00:39]} Re8 {[%emt 0:00:42]} 10. Re1 {[%emt 0:01:20]} Qd6 {[%emt 0:00:54]} 11. c3 {[%emt 0:01:32]} a6 {[%emt 0:02:09]} 12. a4 {[%emt 0:00:11]} Bd7 {[%emt 0:00:37]} 13. Qc2 {[%emt 0:03:26]} e4 {[%emt 0:01:46]} 14. Nxe4 {[%emt 0:01:11]} Nxe4 {[%emt 0:00:04]} 15. dxe4 {[%emt 0:01:39]} Qg3 {[%emt 0:02:46]} 16. Kf1 {[%emt 0:01:11]} Qg6 {[%emt 0:00:27]} 17. Bd3 {[%emt 0:00:35]} Qh5 {[%emt 0:00:11]} 18. Ng1 {[%emt 0:01:13]} Ne5 {[%emt 0:00:15]} 19. f4 {[%emt 0:00:49]} Nxd3 {[%emt 0:00:26]} 20. Qxd3 {[%emt 0:00:00]} Rad8 {[%emt 0:00:32]} 21. Qf3 {[%emt 0:00:05]} Qh4 {[%emt 0:00:19]} 22. Be3 {[%emt 0:00:14]} Bxe3 {[%emt 0:00:14]} 23. Rxe3 {[%emt 0:00:10]} Bc6 {[%emt 0:00:19]} 24. Qf2 {[%emt 0:00:22]} Qxf2+ 25. Kxf2 Rxe4 {[%emt 0:00:12]} 26. Rxe4 {[%emt 0:00:15]} Bxe4 {[%emt 0:00:01]} 27. Re1 {[%emt 0:00:09]} f5 {[%emt 0:00:09]} 28. Nf3 {[%emt 0:00:25]} Bxf3 {[%emt 0:00:13]} 29. Kxf3 {[%emt 0:00:04]} 1/2-1/2

[Event "45th GER-ch Rapid 2019"]
[Site "Neumarkt in der Oberpfalz"]
[Date "2019.09.22"]
[Round "9.4"]
[White "Muranyi, Karl-Jasmin"]
[Black "Voege, Tobias"]
[Result "1/2-1/2"]
[WhiteElo "2331"]
[BlackElo "2288"]
[Annotator "NA"]
[PlyCount "72"]
[EventDate "2019.09.21"]
[EventType "swiss"]
[EventCountry "GER"]
[SourceTitle "playchess.com"]
[Source "ChessBase"]
[SourceQuality "1"]
[TimeControl "900+10"]

1. d4 {[%emt 0:00:00]} e6 {[%emt 0:00:00]} 2. c3 {[%emt 0:00:00]} f5 {[%emt 0:00:02]} 3. h3 {[%emt 0:00:06]} b6 {[%emt 0:00:13]} 4. Bf4 {[%emt 0:00:14]} Bb7 {[%emt 0:00:04]} 5. Nd2 {[%emt 0:00:02]} Nf6 {[%emt 0:00:02]} 6. e3 {[%emt 0:00:07]} Be7 {[%emt 0:00:02]} 7. Ngf3 {[%emt 0:00:01]} O-O {[%emt 0:00:05]} 8. Bc4 {[%emt 0:00:11]} Ne4 {[%emt 0:01:21]} 9. O-O {[%emt 0:00:46]} d5 {[%emt 0:00:33]} 10. Be2 {[%emt 0:00:08]} Nd7 {[%emt 0:01:16]} 11. Ne5 {[%emt 0:00:03]} Ndf6 {[%emt 0:00:21]} 12. f3 {[%emt 0:00:35]} Nd6 {[%emt 0:00:35]} 13. g4 {[%emt 0:00:56]} Nd7 {[%emt 0:01:00]} 14. Bd3 {[%emt 0:00:30]} g5 {[%emt 0:02:33]} 15. Bh2 {[%emt 0:00:27]} Nxe5 {[%emt 0:00:38]} 16. Bxe5 {[%emt 0:01:53]} Bf6 {[%emt 0:00:36]} 17. Qe1 {[%emt 0:02:13]} c5 {[%emt 0:02:54]} 18. Qg3 {[%emt 0:00:17]} Nf7 {[%emt 0:02:15]} 19. Bxf6 {[%emt 0:02:51]} Qxf6 {[%emt 0:00:02]} 20. f4 {[%emt 0:00:01]} gxf4 {[%emt 0:01:26]} 21. Rxf4 {[%emt 0:00:18]} Kh8 {[%emt 0:00:21]} 22. Kh2 {[%emt 0:00:22]} Rg8 {[%emt 0:00:31]} 23. Qf2 {[%emt 0:00:11]} Qh6 {[%emt 0:00:16]} 24. gxf5 {[%emt 0:01:37]} e5 {[%emt 0:00:00]} 25. dxe5 {[%emt 0:01:11]} Nxe5 {[%emt 0:00:03]} 26. Be2 {[%emt 0:00:01]} d4 {[%emt 0:00:54]} 27. e4 {[%emt 0:02:02]} Raf8 {[%emt 0:00:59]} 28. cxd4 {[%emt 0:00:30]} Ng6 {[%emt 0:00:09]} 29. Rf3 {[%emt 0:00:55]} Nh4 {[%emt 0:00:01]} 30. Rg1 {[%emt 0:00:59]} Qxd2 {[%emt 0:00:09]} 31. Rxg8+ {[%emt 0:00:06]} Rxg8 {[%emt 0:00:02]} 32. Qxh4 {[%emt 0:00:01]} Qxe2+ {[%emt 0:00:04]} 33. Rf2 {[%emt 0:00:00]} Qxe4 {[%emt 0:00:19]} 34. Qf6+ {[%emt 0:00:06]} Rg7 {[%emt 0:00:01]} 35. Qf8+ {[%emt 0:00:01]} Rg8 {[%emt 0:00:01]} 36. Qf6+ {[%emt 0:00:01]} Rg7 {[%emt 0:00:01]} 1/2-1/2